000 00613nam 22001933 4500
001 200799
090 _a200799
100 _a20260226d u||y0pory50 ba
101 _apor
200 _aComo a Europa Subdesenvolveu a África
_fWalter Rodney
_gTradução de Edgar Valles
210 _aLisboa
_cSeara Nova
_d1975
215 _a418, [2] p.
_cBrochado
_d19 cm
225 _aDe leste a Oeste
_v15
606 _912436
_aCiências Sociais
_xPolítica Económica
675 _a338.2(6)/ROD/COM
_vPT
_zpor
700 _916532
_aRodney
_bWalter
801 _aPT
_bBMMN
_gRPC
830 _cCarlos Pinto
_d26-02-2026
_fCarlos Pinto
990 _cLIVROS